Capitals of Europe Quiz Stats

 Plays Quiz not verified by Sporcle

Challenge
Share
Tweet
Embed
Score 0/47 Timer 10:00
0 Plays Today
% Correct
London
98.5%
Paris
98.5%
Madrid
98.5%
Dublin
98.5%
Lisbon
97%
Oslo
97%
Stockholm
97%
Helsinki
95.5%
Copenhagen
95.5%
Moscow
93.9%
Kiev
92.4%
Athens
92.4%
Rome
92.4%
Berlin
90.9%
Vatican City
89.4%
Ankara
87.9%
Brussels
87.9%
Monaco
87.9%
Prague
86.4%
Vienna
86.4%
Reykjavik
84.8%
Minsk
84.8%
Budapest
84.8%
Warsaw
84.8%
% Correct
Amsterdam
83.3%
Bern
83.3%
San Marino
83.3%
Riga
81.8%
Bucharest
80.3%
Sofia
80.3%
Luxembourg
80.3%
Tallinn
77.3%
Vilnius
74.2%
Belgrade
72.7%
Sarajevo
69.7%
Andorra la Vella
66.7%
Zagreb
63.6%
Ljubljana
63.6%
Skopje
62.1%
Tirana
62.1%
Bratislava
62.1%
Nicosia
62.1%
Vaduz
60.6%
Pristina
56.1%
Valletta
54.5%
Podgorica
43.9%
Chisinau
30.3%

You're not logged in!

Compare scores with friends on all Sporcle quizzes.
OR
Log In

You Might Also Like...

Show Comments

Extras

Created Apr 7, 2011ReportNominate
Tags:Capital Quiz, Europe Quiz

Top Quizzes Today


Score Distribution

Your Account Isn't Verified!

In order to create a playlist on Sporcle, you need to verify the email address you used during registration. Go to your Sporcle Settings to finish the process.

Report this User

Report this user for behavior that violates our Community Guidelines.

Details: